000 006820000a22002770004500
650 _aPlanning
650 _aIndustries
650 _aCommercial policy
650 _aCottage industry
650 _aLabour
650 _aGeological surveys
650 _aMines
650 _aPlants
651 _aNepal
650 _aFifth Plan
082 _a338
_bIn2n
_cN
518 _a931205
530 _aM
110 _aMinistry of Industry and Commerce, , Nepal
245 _aNepal industry and commerce during the fifth plan 1975-80
260 _aKathmandu
_bIndustrial Service Centre, Nepal
260 _c1977
041 _aEng
300 _a57p.
_bmaps,tables
942 _cGEN
999 _c1359
_d1359